Essential environmental studies / (Record no. 142270)

MARC details
000 -LEADER
fixed length control field 00796nam a22002177a 4500
005 - DATE AND TIME OF LATEST TRANSACTION
control field 20170704123522.0
020 ## - INTERNATIONAL STANDARD BOOK NUMBER
International Standard Book Number 9789385462030
Terms of availability 495.00
035 ## - SYSTEM CONTROL NUMBER
System control number B-664590
037 ## - SOURCE OF ACQUISITION
Stock number DPL
Source of stock number/acquisition BSB/Ven
082 ## - DEWEY DECIMAL CLASSIFICATION NUMBER
Classification number 333.7
100 ## - MAIN ENTRY--PERSONAL NAME
Personal name Misra, S.P.
245 ## - TITLE STATEMENT
Title Essential environmental studies /
Statement of responsibility, etc by S.P. Misra [and] S.N. Pandey
250 ## - EDITION STATEMENT
Edition statement 4th ed
260 ## - PUBLICATION, DISTRIBUTION, ETC. (IMPRINT)
Place of publication, distribution, etc New Delhi
Name of publisher, distributor, etc Ane Books
Date of publication, distribution, etc 2016
270 ## - ADDRESS
Address 4821,Parwana Bhawan, First Floor, 24,Ansari Road, Daryaganj
City New Delhi
Postal code 110002
300 ## - PHYSICAL DESCRIPTION
Extent 790p.:
Other physical details ill.
Dimensions 24cm(pbk)
500 ## - GENERAL NOTE
General note Includes index
700 ## - ADDED ENTRY--PERSONAL NAME
Personal name Pandey, S.N.
942 ## - ADDED ENTRY ELEMENTS (KOHA)
Source of classification or shelving scheme Dewey Decimal Classification
Item type English Books
Classification part 333.7
Holdings
Withdrawn status Lost status Not for loan Collection code Home library Current library Date acquired Source of acquisition Cost, normal purchase price Full call number Barcode Copy number Cost, replacement price Koha item type
      Non-fiction Ashok Vihar Ashok Vihar 04/07/2017 BPPD/EN/2015-16/AV/2016-17/388/IN504/20.02.2017/06.03.2017 495.00 333.7 MIS B-664590 1 495.00 English Books

© Delhi Public Library
Hit Counter
free hit counter